| 000 | 00443nam a22001697a 4500 | ||
|---|---|---|---|
| 003 | CEME | ||
| 005 | 20210628203719.0 | ||
| 008 | 210308b xxu||||| |||| 00| 0 eng d | ||
| 020 | _a0-471-50350-9 | ||
| 040 | _c. | ||
| 082 | _a658.155 WHI'P | ||
| 100 |
_aCase, K. E , Agee, M. H , White, J. A _966983 |
||
| 245 | _aPrinciples of engineering economics analysis | ||
| 260 |
_aNEWYORK _bJOHN WILEY _c1989 |
||
| 300 | _a588P | ||
| 942 |
_cBK _2ddc |
||
| 999 |
_c574841 _d574841 |
||